Zápisník 28. Hviezdoslavovho Kubína 1982

Bibliographic Details
Main Author: Weidler, Ernest, 1933-2012 (Author, Compiler)
Format: Book
Language:Slovak
PhysicalDescription:71 s., 3,16 AH 21 cm
Published: Bratislava Tatran Osvetový ústav 1982
Edition:1. vyd.
Subjects:

MARC

LEADER 00000nam a2200000 a 4500
001 vtls001099639
003 SK-MaSNL
005 20260301191722.0
008 250414s1982 xo 0 slo
015 |a SNBA1982/11 
035 |a SNK000042481 
040 |a SNK  |b slo  |c SNK  |e AACR2 
041 0 |a slo 
080 |a 82:061.7:06.063:885.4  |2 1981 
080 |a 061.7  |2 1981 
080 |a 06.063  |2 1981 
080 |a 885.4  |2 1981 
100 1 |a Weidler, Ernest,  |d 1933-2012  |4 aut  |9 37564 
245 1 0 |a Zápisník 28. Hviezdoslavovho Kubína 1982  |c Ernest Weidler ; Ernest Weidler, Filip Lašut, Ján Kamenistý, Jana Prikrylová 
250 |a 1. vyd. 
260 |a Bratislava  |b Tatran  |b Osvetový ústav  |c 1982 
300 |a 71 s., 3,16 AH  |c 21 cm 
366 |e 1000 výtl. 
500 |a Účelový náklad. 
651 7 |a 5303  |2 SNK  |9 279237 
700 1 |a Weidler, Ernest,  |d 1933-2012  |4 com  |9 37564 
700 1 |a Lašut, Filip,  |d 1945-2012  |4 bkd  |9 151668 
700 1 |a Kamenistý, Ján,  |d 1941-  |4 bkd  |9 103266 
700 1 |a Prikrylová, Jana  |4 bkd  |9 46438 
852 |a Slovenská národná knižnica 
954 |a prednes umelecký  |a súťaže recitačné  |a prehliadky umelecké  |a Hviezdoslavov Kubín 1982  |a Dolný Kubín 
958 |a LX 
958 |a TL 
958 |a OND 
999 |c 871981  |d 873911 
952 |a SNK  |b SNK  |y VYP  |7 0  |p 17A0642222  |o snkSC 56542 D1  |i snkKSP 8330/82  |0 0  |1 0  |4 0  |d 2010-02-18  |l 0  |r 2026-02-24 05:46:16  |w 2026-02-24 
952 |t P60, <03>, [BOOK], {603}  |a SNK  |b SNK  |y PREZ  |7 0  |p 17A0091369  |o snkSC 56542  |0 0  |1 0  |4 0  |d 1997-09-04  |l 0  |r 2025-05-28 00:00:00  |w 2026-02-24